| 000 | 00552nam a2200181 i 4500 | ||
|---|---|---|---|
| 001 | 116097 | ||
| 003 | ES-MaACL | ||
| 005 | 20230906190631.0 | ||
| 007 | t| | ||
| 008 | 061121s1923 fr r ||||1| fre d | ||
| 100 | 1 |
_aPater, Walter. _989556 |
|
| 245 | 1 | 0 |
_aPlatón et le platonisme / _cWalter Pater ; traduit de l'anglais par le Dr. S. Jankelevitch. |
| 260 |
_aParis : _bPayot, _c1923. |
||
| 300 |
_a336 p. ; _c19 cm. |
||
| 600 | 0 | 4 |
_aPlatón- _xCrítica e interpretación. _992599 |
| 700 | 0 |
_aJankélévitch, S. _966032 |
|
| 852 |
_aES-MaACL _jG-3412 |
||
| 999 |
_c116097 _d116097 |
||